Adrian Smith + Gordon Gill Architecture 2006-202 (Record no. 38961)

MARC details
000 -LEADER
fixed length control field 00395nam a2200157Ia 4500
020 ## - INTERNATIONAL STANDARD BOOK NUMBER
ISBN 9781954081352
050 ## - CALL MARK
Classification number NA 737 .A32 .A37/
100 ## - STATEMENT OF RESPONSIBILITY--MAIN AUTHOR NAME
Personal name Smith, Adrian and Gill, Gordon
245 #0 - TITLE STATEMENT
Title Adrian Smith + Gordon Gill Architecture 2006-202
260 ## - PUBLICATION, DISTRIBUTION, ETC. (IMPRINT)
Name of publisher ASGG
260 ## - PUBLICATION, DISTRIBUTION, ETC. (IMPRINT)
Year of publication 2021
300 ## - PHYSICAL DESCRIPTION
Number of Pages 18 p
942 ## - ADDED ENTRY ELEMENTS (KOHA)
Koha item type Books
Holdings
Withdrawn status Lost status Source of classification or shelving scheme Damaged status Not for loan Permanent Location Current Location Shelving location Date acquired Accession Number Price effective from Koha item type
    Library of Congress Classification     NILE UNIVERSITY OF NIGERIA - MAIN LIBRARY NILE UNIVERSITY OF NIGERIA - MAIN LIBRARY Items on shelf 06/03/2025 0196093 06/03/2025 Books
    Library of Congress Classification     NILE UNIVERSITY OF NIGERIA - MAIN LIBRARY NILE UNIVERSITY OF NIGERIA - MAIN LIBRARY Items on shelf 06/03/2025 0196094 06/03/2025 Books